Az NH Budapest City által ellátott F&B feladatok bemutatása és elemzése

Bibliográfiai részletek
Szerző: Juhász Krisztina
További közreműködők: Gancsové Rossi Krisztina
Dokumentumtípus: Projektmunka
Kulcsszavak:F&B feladatok
vendégvélemény
gazdasági adatok
Online Access:http://dolgozattar.uni-bge.hu/16975

MARC

LEADER 00000nnm a2200000 i 4500
001 dolg16975
005 20180915103017.0
008 180516suuuu hu o 000 hun d
040 |a BGE Dolgozattár Repozitórium  |b hun 
041 |a hu 
100 1 |a Juhász Krisztina 
245 1 3 |a Az NH Budapest City által ellátott F&B feladatok bemutatása és elemzése  |c Juhász Krisztina  |h [elektronikus dokumentum] 
516 |a Project_work 
695 |a F&B feladatok 
695 |a vendégvélemény 
695 |a gazdasági adatok 
700 1 |a Gancsové Rossi Krisztina  |e ths 
856 4 0 |u http://dolgozattar.uni-bge.hu/16975/39/Projektmunka.pdf  |z Dokumentum-elérés 
856 4 0 |u http://dolgozattar.uni-bge.hu/16975/40/Titkos%C3%ADt%C3%A1si%20k%C3%A9relem.pdf  |z Dokumentum-elérés